000 00753nam a22002297a 4500
999 _c10161
_d10161
003 AR-CdUCM
008 190329b ||||| |||| 00| 0 spa d
040 _aMUNICIPALIDAD PROVINCIAL DEL CUSCO
_cBIBLIOTECA MUNICIPAL DEL CUSCO
041 _hfr
082 _a445 /
_bN74 / 1875
100 _aNoel, Par M.
_926860
245 _aGrammaire Francaise :
_bSur un plan tres - méthodique /
260 _aParis :
_bMaire - Nyon,
_c1875.
300 _a220 paginas ;
_c18 cm.
505 _aContenido: la gramaire -- pour parler -- les mots sont composes -- deux sortes -- les sons exprimes...
650 _aGramatica
_99175
650 _aFrancia
_91444
650 _aParis
_93089
700 _aChapsal, ET M.
_926861
942 _2ddc
_cLIBROS
945 _apjha